|
|
|
|
| LEADER |
01615nam a2200325 a 4500 |
| 001 |
00010036 |
| 003 |
BD-DhAAL |
| 005 |
20260405130942.0 |
| 008 |
110814t2015 enka 000 1 eng |
| 020 |
|
|
|a 9780008110642
|
| 020 |
|
|
|a 0140621377
|
| 020 |
|
|
|a 9780140621372
|
| 040 |
|
|
|a BD-DhAAL
|d BD-DhAAL
|
| 082 |
0 |
0 |
|a 823.8
|2 20
|
| 100 |
1 |
|
|a Wilde, Oscar,
|d 1854-1900.
|
| 245 |
1 |
4 |
|a The happy prince and other stories /
|c by Oscar Wilde
|
| 250 |
|
|
|a William Collins paperback edition.
|
| 260 |
|
|
|a London :
|b Penguin Books ;
|a New York :
|b Penguin Putnam Inc ;
|b Collins Classics,
|c 1994, 2015.
|
| 300 |
|
|
|a 204 pages,
|a ix, 174 pages :
|b illustrations ;
|c 18 cm
|
| 490 |
0 |
|
|a Penguin Classics
|
| 541 |
1 |
|
|a Donated by Farhana Zahir, Assistant Professor, BRAC Business School, BRAC University
|e 00010036, 45408
|
| 650 |
|
0 |
|a Fairy tales
|z Ireland.
|9 221
|
| 650 |
|
0 |
|a Children's stories, English.
|9 222
|
| 650 |
|
1 |
|a Fairy tales.
|
| 650 |
|
1 |
|a Short stories.
|
| 852 |
1 |
|
|a Ayesha Abed Library
|c General shelf.
|
| 942 |
0 |
0 |
|0 2
|2 ddc
|c BK
|
| 999 |
|
|
|c 11200
|d 11200
|
| 952 |
|
|
|0 0
|1 0
|2 ddc
|4 0
|6 823_800000000000000_WIL
|7 0
|9 17851
|a BRACUL
|b BRACUL
|c GEN
|d 2011-08-16
|l 23
|m 124
|o 823.8 WIL
|p 3010010036
|r 2025-11-05
|s 2025-08-07
|t 1
|w 2011-08-16
|y BK
|x Available
|
| 952 |
|
|
|0 0
|1 0
|2 ddc
|4 0
|6 823_800000000000000_WIL
|7 0
|9 78898
|a BRACUL
|b BRACUL
|c NEW
|d 2026-04-05
|e Donated by Farhana Zahir, Assistant Professor, BRAC Business School, BRAC University
|l 2
|o 823.8 WIL
|p 3010045408
|r 2026-05-10
|s 2026-05-03
|t 1
|w 2026-04-05
|y BK
|x Donated copy received from Farhana Zahir, Assistant Professor, BRAC Business School, BRAC University on 17 February 2026; Rs 250
|